000 00544cam a22002057a 4500
001 4021024
003 OSt
005 20180323114356.0
008 970204s1996 es a 000 0 spa
020 _a99923-0-005-1
040 _aBCRI
_cBCRI
082 _a398.21
100 1 _97514
_aSigüenza, León
_d1895-1942
245 1 0 _aFábulas
_cLeón Siguenza
250 _a1ª ed
260 _aSan Salvador (El Salvador)
_bClásicos Roxsil
_c1942
300 _a152 p.
_bil.
_c21 cm
650 2 4 _91198
_aFábulas
942 _2ddc
_cBK
_hprozim
999 _c22619
_d22619